"Читающая Бурятия": опыт исследования читательских интересов; Библиотековедение; № 1

Xehetasun bibliografikoak
Parent link:Библиотековедение: журнал.— , 1993-.— 0869-608X
№ 1.— 2006.— С. 71-76
Egile nagusia: Татарова С. П. Светлана Петровна
Hizkuntza:errusiera
Argitaratua: 2006
Saila:Человек читающий
Gaiak:
Formatua: MixedMaterials Liburu kapitulua
KOHA link:https://koha.lib.tpu.ru/cgi-bin/koha/opac-detail.pl?biblionumber=400931

MARC

LEADER 00000naa2a2200000 4500
001 400931
005 20231101065449.0
035 |a (RuTPU)RU\TPU\prd\43755 
035 |a RU\TPU\prd\43754 
090 |a 400931 
100 |a 20060530a2006 k y0rusy50 ca 
101 0 |a rus 
102 |a RU 
200 1 |a "Читающая Бурятия": опыт исследования читательских интересов  |f С. П. Татарова 
225 1 |a Человек читающий 
320 |a Библиогр.: 5 назв. 
461 0 |0 (RuTPU)RU\TPU\prd\1339  |x 0869-608X  |t Библиотековедение  |o журнал  |d 1993- 
463 0 |0 (RuTPU)RU\TPU\prd\43697  |t № 1  |v С. 71-76  |d 2006 
610 1 |a Читающая Бурятия 
610 1 |a читательские интересы 
610 1 |a опыт 
610 1 |a исследования 
610 1 |a опросы 
700 1 |a Татарова  |b С. П.  |g Светлана Петровна 
801 1 |a RU  |b 63413507  |c 20060529  |g PSBO 
801 2 |a RU  |b 63413507  |c 20060530  |g PSBO 
942 |c BK